Из шотландской лирики (Запис номер 354005)
[ съкратено ]
| 000 -Лидер | |
|---|---|
| Контролно поле с фиксирана дължина | ncm a22 a 4500 |
| 003 - Код на организацията, давaща контролен номер | |
| Контролно поле | BLK |
| 005 - Дата и час на последна редакция | |
| Контролно поле | 20201007040719.0 |
| 008 - Елементи от данни с фиксирана дължина | |
| fixed length control field | 200413b bu ||||| |||| 00| 0 bu d |
| 040 ## - Източник на каталожния запис | |
| Идентификатор на билиотеката - собственик на записа | BLK |
| 041 ## - Код за език | |
| Код за езика на текст/звукозапис или на отделно заглавие | Руски |
| Код за езика КДБФ | Руски |
| 080 ## - УДК | |
| Текстов определител УДК | Камерна вок. муз. Песни, балади, арии, романси |
| УДК код - определител по УДК | 784.3 |
| УДК - код + определител | 784.3 |
| 100 ## - Редна дума - Автор | |
| Автор | Скот, Франсис Джордж |
| Авторска отговорност | първи автор |
| R(LIN) | 1299 |
| 139 ## - Редно поле | |
| Редна дума | Скот, Франсис Джордж |
| Авторски знак | Ско - С 40 |
| 245 ## - Сведения за заглавието | |
| Заглавие | Из шотландской лирики |
| Подзаглавни данни | Песни для сред. голоса в сопровожд. ф.-п. |
| Редно поле (дума) | Перев. С. Болотина и Т. Сикорской |
| 257 ## - Страна на издаване | |
| Страна на създаване/издаване | Русия |
| 260 ## - Област на издателските данни | |
| 9 (RLIN) | 402764 |
| Място на издаване, разпространение и проч. | Москва |
| Име на издателя, разпространителя и проч. | Музыка |
| Година на издаване | 1969 |
| 300 ## - Физическа характеристика | |
| Страници | 32 с. |
| Размери/Мащаб | 29 см |
| 380 ## - Жанр | |
| Жанр | Изкуство |
| 501 ## - Забележка „подвързано към” | |
| Забележка: Подвързано към... | Съдържа:<br/>На слова Р. Бернса<br/>Как розы цвет, любовь моя<br/>Среди дерев<br/>Скроггам<br/>Портной<br/>Летят ветра во все края<br/>Моя жена вертушка<br/>Когда б я на Парнасе жил...<br/>Две кумушки<br/>Слова У. Данбара<br/>Филлис<br/>Слова У. Драммонда<br/>Я помню счастье прежних дней...<br/>Слова неизвестного авт. |
| 650 #7 - Допълнително описание по предмет – тема | |
| 9 (RLIN) | 166108 |
| Основно описание – тема или топоним | Песни |
| 653 #7 - Ключова дума – ненормативна | |
| 9 (RLIN) | 193581 |
| Ключова дума | песни |
| 653 #7 - Ключова дума – ненормативна | |
| 9 (RLIN) | 200868 |
| Ключова дума | Шотландия |
| 852 ## - Местоположение | |
| Форматна сигнатура | Цб М ІІ 5608 |
| Фондова буква | Отдел Изкуство - подръчен фонд |
| 999 ## - СИСТЕМНИ КОНТРОЛНИ НОМЕРА | |
| Koha biblionumber | 354005 |
| Koha biblioitemnumber | 354005 |
| 942 ## - АРТИКУЛИ | |
| Вид на библиотечния материал | Нотни издания |
| Скрит в OPAC | Не |
| Периодичен библиозапис | Да |
| 944 ## - СЪЗДАВАНЕ И РЕДАКЦИЯ на ЗАПИСА | |
| Дата на регистрацията/редакция | 2020-04-13 |
| Служител, извършил регистрацията/редакцията | Валентина Караджова |
| 999 ## - СИСТЕМНИ КОНТРОЛНИ НОМЕРА | |
| Koha biblioitemnumber | 354005 |
| 999 ## - СИСТЕМНИ КОНТРОЛНИ НОМЕРА | |
| Koha biblioitemnumber | 354005 |
| Код за отписване | Код за изгубен артикул | Източник на класификационната схема | Код за повреда | Коз за рестрикции | Код за отдаване | Артикулен № | Име на библиотеката - собственик | Име на библиотеката, в която се намира в момента | Статус (Текущо местоположение) | Дата на вписване в системата | Местоположение - отдел | Цена в лева | Инвентарен номер | Систематично азбучна сигнатура | Баркод | Цена в евро | Служебен тип на артикула |
|---|---|---|---|---|---|---|---|---|---|---|---|---|---|---|---|---|---|
| Не е изгубен | Universal Decimal Classification | Не е повреден | без рестрикции | заемане за дома | 761525 | Регионална библиотека "Любен Каравелов" Русе | Регионална библиотека "Любен Каравелов" Русе | Отдел Изкуство - подръчен фонд | 2020-04-14 | Отдел Изкуство - подръчен фонд | 0.32 | 64873 | 784/С 40 Ф | 120000064873 | 0.16 | Нотни издания | |
| Не е изгубен | Universal Decimal Classification | Не е повреден | ползва се в читалня | 768190 | Регионална библиотека "Любен Каравелов" Русе | Регионална библиотека "Любен Каравелов" Русе | Хранилище | 2020-05-08 | Хранилище | 0.32 | 64872 | Цб М ІІ 5608 | 900000015074 | 0.16 | Нотни издания |